Geography Paper 1 Case Studies - Statistics

General Stats
  • This quiz has been taken 18 times
    7 since last reset
  • The average score is 3 of 92
Answer Stats
Hint Answer % Correct
Category ___ when it hit New Orleans 3
100%
Category 5
67%
Deaths caused by Hurricane Katrina 1836
33%
Deaths caused by Typhoon Haiyan 7000
33%
Phillipines were assisted in tracking the typhoon with data from ___ Japan
33%
The defence system failed. Old ___ system that had not been maintained levee
33%
Failed ___ stations pumping
33%
Aid given by USA (million dollars) 100
0%
Number of national migrants who arrive daily (90% from rural areas) 1000
0%
Number of rescue workers mobilised 100000
0%
2013 12
0%
Homeless (millions) 1.3
0%
Dead 16000
0%
Navi Mumbai was developed on the mainland from 1971
0%
Percentage of people who lost jobs 20
0%
Focus ___ miles deep 20
0%
___km evacuation zone around ^^ 20
0%
By early ___, all debris had been cleared 2015
0%
Policy made in 2011 to rebuild with a __trillion yen budget 23
0%
Received __ billion dollars FDI in 2012 24
0%
Injured 26000
0%
2020 GDP (trillion dollars) 2.67
0%
2015 GDP (billion $) 278
0%
Deaths 300000
0%
Pollution in Delhi lowers life expectancy by ___ years 3.2
0%
1990 GDP (billion dollars) 326
0%
Aid given by EU (million dollars) 330
0%
___km of levees made higher and stronger 400
0%
Percentage who live in slums 42
0%
Houses left without electricity (millions) 4.4
0%
Around __% of India's rivers are polluted 46
0%
Population increase since 1990 (%) 48
0%
1990-2020: Tertiary sector grew by __ % 50
0%
Annual exports (billion dollars) 500
0%
Annual imports (billion dollars) 510
0%
Quaternary sector today 6
0%
Percentage of government buildings destroyed/damaged 60
0%
Percentage who work in informal sector 68
0%
Bihar Life expectancy 69
0%
Haiti Earthquake magnitude 7.0
0%
Goa GDP per capita 7169
0%
Goa life expectancy 73
0%
Improvements since: ___ pumping stations made foolproof 78
0%
Bihar literacy % 80
0%
People placed in aid camps 800000
0%
Tohoku Earthquake magnitude 9.1
0%
Bihar GDP per capita 923
0%
Goa literacy % 93
0%
1990 population (million) 9.9
0%
___ microfinance gives loans to small business AGORA
0%
Temporary schools were set up in ___ ___ and teachers were trained aid camps
0%
No ___ or security if people get ill or can' twork benefits
0%
___ industry makes 1600 Hindi language films a year Bollywood
0%
Is a ___ country so has regional significance BRICS
0%
Bodies piled high in the streets led to ___ outbreaks cholera
0%
___ industry was severely affected clothing
0%
Middle class lives in suburbs and ___ to work commutes
0%
North American/Caribbean plates: ___ plate margin conservative
0%
Transport technology: ___ made global trade easier and cheaper. Internet technology did the same for communication containerisation
0%
Eurasian plate subducted by Pacific plate: ___ boundary convergent
0%
Slums developed close to the city centre: poorest people can't afford to travel for work. Biggest slum in Asia (in Mumbai) is ___ Dharavi
0%
Poor water supply: many take water from rivers and streams which are often polluted and carry ___ disease
0%
Roads were blocked, airports were damaged. No ___ so evacuation could only happen in daylight hours electricity
0%
People in Samar and Leyte were ___ evacuated
0%
___ failed: highway jammed and public transport was not used evacuation
0%
Started off ___ along the narrow peninsula but ran out of space expanding
0%
Rising prosperity starts to lower ___ fertility
0%
7 nuclear reactors at ___ power station went into meltdown Fukushima
0%
Effects of geography on international politics geopolitical
0%
Emerging countries like India have seen very rapid economic change due to ___ globalisation
0%
___ ___ ___ project changed a huge pile of rubbish into a hill and collects the methane to burn as biofuel Gorai garbage heap
0%
Majority religion Hindu
0%
Tens of thousands were still ___ after one year homeless
0%
India: in South Asia. Borders China, Pakistan, Nepal. On ___ Ocean. Indian
0%
Improved medical technology and health education lower ___ ___ infant mortality
0%
The ___ ___ flood barrier constructed to protect New Orleans (cost $14bn) Lake Borgne
0%
Better living standards and healthcare increase ___ ___ life expectancy
0%
___ in Tokyo led to 1046 damaged buildings liquefaction
0%
Government policy: setting up ___ ___ zones and investing in infrastructure to attracts TNCs low tax
0%
The ___ sent in planes and helicopters military
0%
___ ___ project: was supposed to lower congestion but isn't really used much except for by tourists Mumbai monorail
0%
Mumbai: One of the deepest ___ ___ in the world natural harbours
0%
TNCs lead ___ of manufacturing services to emerging countries outsourcing
0%
Causes ___ difficulties as the slums are on valuable land political
0%
Gone from being an aid ___ to an aid ___ to countries like Sri Lanka and Bhutan recipient provider
0%
___ ___ were slow due to poor planning, management and access relief efforts
0%
___ community toilets make life in slums better by installing sanitation SPARC
0%
Meeting the needs of the present without compromising the ability of future generations to meet their own needs sustainability
0%
Relief efforts in ___ meant other areas were neglected Tacloban
0%
___ with waves up to 40m high as secondary impact tsunami
0%
Wants permanent seat on ___ ___ ___ and more influence in the World Bank UN Security Council
0%
Most work in the informal sector where pay is low and unreliable. ___ ___ are often poor working conditions
0%
No matching quizzes found
Score Distribution
Percent of People with Each Score
Percentile by Number Answered
Your Score History
You have not taken this quiz since the last reset